Scaffoldings training young people in christian life skills: (Record no. 59830)

MARC details
000 -LEADER
fixed length control field 00469nam a2200145 4500
005 - DATE AND TIME OF LATEST TRANSACTION
control field 20250723171346.0
008 - FIXED-LENGTH DATA ELEMENTS--GENERAL INFORMATION
fixed length control field 250723b |||||||| |||| 00| 0 eng d
050 ## - LIBRARY OF CONGRESS CALL NUMBER
Classification number BV2616
Item number .S45 2008
100 ## - MAIN ENTRY--PERSONAL NAME
Personal name Selvam, Sahaya G.
245 ## - TITLE STATEMENT
Title Scaffoldings training young people in christian life skills:
Remainder of title facilitator manual/
260 ## - PUBLICATION, DISTRIBUTION, ETC. (IMPRINT)
Place of publication, distribution, etc Nairobi, Kenya
Name of publisher, distributor, etc Don Bosco youth ministry
Date of publication, distribution, etc 2008
300 ## - PHYSICAL DESCRIPTION
Extent 280 p.;
Dimensions 28 cm.
650 ## - SUBJECT ADDED ENTRY--TOPICAL TERM
Topical term or geographic name as entry element Church work with young people
942 ## - ADDED ENTRY ELEMENTS (KOHA)
Source of classification or shelving scheme Library of Congress Classification
Item type Book
Holdings
Withdrawn status Lost status Source of classification or shelving scheme Damaged status Not for loan Collection code Home library Current library Shelving location Date acquired Source of acquisition Total Checkouts Full call number Barcode Date last seen Date last borrowed Copy number Price effective from Koha item type
    Library of Congress Classification     Non-fiction Bishop Okullu Memorial Library (Limuru Campus) Bishop Okullu Memorial Library (Limuru Campus) Processing Center 23/07/2025 donation 1 BV2616 .S45 2008 072550 15/09/2025 15/09/2025 1 23/07/2025 Book